[Event "Cartago op"]
[Site "Cartago"]
[Date "2010.10.31"]
[Round "5"]
[White "Ossa, Juan Sebastian"]
[Black "Ossa, Orlando Jose"]
[Result "0-1"]
[WhiteElo "1938"]
[BlackElo "2257"]
[PlyCount "100"]
[EventDate "2010.10.30"]
[EventType "swiss"]
[EventRounds "7"]
[EventCountry "COL"]
[SourceTitle "EXT 2011"]
[Source "ChessBase"]
[SourceDate "2010.11.26"]
[SourceVersion "1"]
[SourceVersionDate "2010.11.26"]
[SourceQuality "1"]

1. d4 Nf6 2. c4 g6 3. Nf3 Bg7 4. Nc3 0-0 5. e4 d6 6. Be2 e5 7. dxe5 dxe5 8. Qxd8 Rxd8 9. Bg5 Nbd7 10. 0-0-0 Rf8 11. Nd2 c6 12. Nb3 Re8 13. f3 Nf8 14. g3 Ne6 15. Be3 Bf8 16. Rd2 Nd7 17. Rhd1 Ndc5 18. Nxc5 Bxc5 19. Bxc5 Nxc5 20. b4 Ne6 21. c5 a5 22. a3 axb4 23. axb4 Nd4 24. Bc4 Be6 25. Bxe6 Rxe6 26. Rd3 Ra3 27. Nb1 Ra4 28. Rxd4 exd4 29. Rxd4 Kf8 30. Kb2 Ke7 31. Nd2 g5 32. Nb3 Rh6 33. Na5 Rxh2+ 34. Kb3 Rha2 35. Nc4 Ra8 36. Na5 Rf2 37. Nxb7 Rxf3+ 38. Kb2 h5 39. e5 Rxg3 40. Na5 Rc8 41. Rd6 h4 42. Nxc6+ Kf8 43. b5 h3 44. b6 h2 45. b7 Rb8 46. Nxb8 h1Q 47. Nd7+ Kg7 48. b8Q Qh2+ 49. Kc1 Rc3+ 50. Kd1 Qc2+ 0-1

[Event "COL-ch U16"]
[Site "Bogota"]
[Date "2010.03.29"]
[Round "2.1"]
[White "Camargo, Santiago"]
[Black "Ossa, Juan Sebastian"]
[Result "0-1"]
[WhiteElo "2074"]
[BlackElo "1920"]
[PlyCount "36"]
[EventDate "2010.03.29"]
[EventType "swiss"]
[EventRounds "8"]
[EventCountry "COL"]
[SourceTitle "EXT 2024"]
[Source "ChessBase"]
[SourceDate "2023.10.10"]
[SourceVersion "1"]
[SourceVersionDate "2023.10.10"]
[SourceQuality "1"]

1. e4 c5 2. Nf3 e6 3. d4 cxd4 4. Nxd4 a6 5. Be2 Nf6 6. Nc3 Qc7 7. a3 b5 8. 0-0 Bb7 9. Qd3 Be7 10. f4 d6 11. Be3 Nbd7 12. b4 Nb6 13. Kh1 0-0 14. Bf3 Rac8 15. f5 e5 16. Nde2 Rfd8 17. Rfd1 Nc4 18. Bf2 Nb2 0-1

[Event "Valle Region-ch U20 Absoluto"]
[Site "Cali"]
[Date "2010.03.06"]
[Round "5"]
[White "Ossa, Juan Sebastian"]
[Black "Dominguez, Oscar Alberto"]
[Result "1-0"]
[WhiteElo "1920"]
[BlackElo "1892"]
[PlyCount "122"]
[EventDate "2010.03.05"]
[EventType "swiss"]
[EventRounds "7"]
[EventCountry "COL"]
[SourceTitle "EXT 2024"]
[Source "ChessBase"]
[SourceDate "2023.10.10"]
[SourceVersion "1"]
[SourceVersionDate "2023.10.10"]
[SourceQuality "1"]

1. d4 d5 2. Nf3 Nf6 3. c4 e6 4. Bg5 Be7 5. Nc3 h6 6. Bh4 0-0 7. e3 b6 8. cxd5 exd5 9. Be2 Bb7 10. 0-0 Nbd7 11. Rc1 Ne4 12. Bxe7 Qxe7 13. Qa4 a6 14. Qb3 c6 15. Rfd1 Rfe8 16. Nd2 Nxf2 17. Kxf2 Qxe3+ 18. Kf1 Qxd4 19. Nf3 Qe3 20. Re1 Qf4 21. Qd1 Re3 22. Kg1 Nf6 23. g3 Qf5 24. Nh4 Qe5 25. Ng2 d4 26. Nb1 c5 27. Bf1 Rxe1 28. Qxe1 Qd5 29. Nd2 Re8 30. Qf2 Ng4 31. Bc4 Qh5 32. Nf4 Qg5 33. Qf1 Re3 34. Ng2 Qg6 35. Nxe3 dxe3 36. Nf3 Qe4 37. Kg2 e2 38. Qxe2 Ne3+ 39. Kg1 Nxc4 40. Qxe4 Bxe4 41. Rxc4 Bxf3 42. Rc2 Kf8 43. Kf2 Bd5 44. Rd2 Bxa2 45. Rd6 b5 46. Rxa6 Bb3 47. Rc6 c4 48. Rb6 Ba4 49. Rb7 g6 50. Ke3 Kg7 51. Rb6 h5 52. h4 Kf8 53. Rb7 Kg7 54. Kf4 Bc2 55. Rxb5 Bd3 56. Rc5 Bf1 57. Ke5 Be2 58. Rc6 Bd3 59. Kd4 Be2 60. Rxc4 Bxc4 61. Kxc4 Kf8 1-0

[Event "Calima Elite U16/18"]
[Site "Calima"]
[Date "2009.09.08"]
[Round "1.2"]
[White "Dominguez, Oscar Alberto"]
[Black "Ossa, Juan Sebastian"]
[Result "0-1"]
[WhiteElo "1755"]
[BlackElo "1910"]
[PlyCount "70"]
[EventDate "2009.09.08"]
[EventType "swiss"]
[EventRounds "7"]
[EventCountry "COL"]
[SourceTitle "EXT 2024"]
[Source "ChessBase"]
[SourceDate "2023.10.10"]
[SourceVersion "1"]
[SourceVersionDate "2023.10.10"]
[SourceQuality "1"]

1. e4 c5 2. Nf3 e6 3. d4 cxd4 4. Nxd4 a6 5. Nc3 Qc7 6. Be2 Nf6 7. 0-0 Bb4 8. Qd3 0-0 9. f4 d6 10. Be3 Nbd7 11. Nb3 Nc5 12. Nxc5 Bxc5 13. Rad1 Bxe3+ 14. Qxe3 Rd8 15. Bf3 Ne8 16. Rd2 Bd7 17. Rfd1 Bc6 18. Ne2 b5 19. Nd4 Bb7 20. c3 Rac8 21. g4 Qb6 22. f5 e5 23. Nc2 Qc7 24. g5 Qc4 25. f6 Qxa2 26. Nb4 Qe6 27. Rg2 Qc4 28. Kh1 a5 29. g6 fxg6 30. f7+ Qxf7 31. Nd5 Nf6 32. Nxf6+ Qxf6 33. Bg4 Rc4 34. Qh3 Rxe4 35. Be6+ Kh8 0-1

[Event "COL-ch U20"]
[Site "Bogota"]
[Date "2009.04.03"]
[Round "1.9"]
[White "Herrera, Juan Sebastian"]
[Black "Ossa, Juan Sebastian"]
[Result "1-0"]
[WhiteElo "2144"]
[BlackElo "1892"]
[PlyCount "37"]
[EventDate "2009.04.03"]
[EventType "swiss"]
[EventRounds "7"]
[EventCountry "COL"]
[SourceTitle "EXT 2024"]
[Source "ChessBase"]
[SourceDate "2023.10.10"]
[SourceVersion "1"]
[SourceVersionDate "2023.10.10"]
[SourceQuality "1"]

1. e4 c5 2. Nf3 e6 3. Nc3 a6 4. Be2 Nc6 5. d4 cxd4 6. Nxd4 Qc7 7. 0-0 Nf6 8. Kh1 Bb4 9. Nxc6 dxc6 10. Qd4 c5 11. Qe3 0-0 12. e5 Nd5 13. Nxd5 exd5 14. c3 Ba5 15. Bd3 Re8 16. f4 f6 17. Qf3 fxe5 18. Bxh7+ Kh8 19. Bg6 1-0

[Event "Bogota School U15"]
[Site "Bogota"]
[Date "2009.02.19"]
[Round "2.7"]
[White "Ossa, Juan Sebastian"]
[Black "Monsalve, Adriana"]
[Result "1-0"]
[WhiteElo "1882"]
[BlackElo "2027"]
[PlyCount "71"]
[EventDate "2009.02.19"]
[EventType "swiss"]
[EventRounds "7"]
[EventCountry "COL"]
[SourceTitle "EXT 2024"]
[Source "ChessBase"]
[SourceDate "2023.10.10"]
[SourceVersion "1"]
[SourceVersionDate "2023.10.10"]
[SourceQuality "1"]

1. d4 d5 2. Nf3 Nf6 3. c4 e6 4. Nc3 c6 5. Bg5 Nbd7 6. e3 Qa5 7. Nd2 Bb4 8. Qc2 0-0 9. Nb3 Bxc3+ 10. bxc3 Qc7 11. Bd3 dxc4 12. Bxc4 b6 13. 0-0 c5 14. Rfc1 cxd4 15. cxd4 Bb7 16. Qe2 Qd6 17. Ba6 Bxa6 18. Qxa6 Ng4 19. Bf4 e5 20. dxe5 Ndxe5 21. h3 Nf6 22. Nd4 Qe7 23. Nc6 Nxc6 24. Rxc6 Ne4 25. Rc7 Qh4 26. Qe2 Nc5 27. Bd6 Qd8 28. Rd1 Re8 29. Qh5 Qf6 30. Bxc5 bxc5 31. Qxc5 Qb6 32. Qc4 Qe6 33. Qxe6 Rxe6 34. Rdd7 Rf6 35. Rxa7 Rxa7 36. Rd8# 1-0